Good practice details (Record no. 90454)

MARC details
000 -LEADER
fixed length control field 00459cam a2200181 4500
001 - CONTROL NUMBER
control field D5170
008 - FIXED-LENGTH DATA ELEMENTS--GENERAL INFORMATION
fixed length control field 090401t1980 xxu||||| |||| 00| 0 eng d
035 ## - SYSTEM CONTROL NUMBER
System control number (Sirsi) u37224
041 ## - LANGUAGE CODE
Language code of text/sound track or separate title eng
050 ## - LIBRARY OF CONGRESS CALL NUMBER
Classification number 720.28
110 ## - MAIN ENTRY--CORPORATE NAME
Corporate name or jurisdiction name as entry element Greater London Council. Department of Architecture
9 (RLIN) 1532
245 ## - TITLE STATEMENT
Title Good practice details
260 ## - PUBLICATION, DISTRIBUTION, ETC.
Place of publication, distribution, etc. London
Name of publisher, distributor, etc. Architectural Press
Date of publication, distribution, etc. 1980
300 ## - PHYSICAL DESCRIPTION
Extent 148p. 21 x 30cm
350 ## - PRICE (NR) (BK AM CF MU VM SE) [OBSOLETE]
Price 4.95
942 ## - ADDED ENTRY ELEMENTS (KOHA)
Suppress in OPAC 0
948 ## - LOCAL PROCESSING INFORMATION (OCLC); SERIES PART DESIGNATOR (RLIN)
c (OCLC) 04/03/1997
Holdings
Withdrawn status Lost status Source of classification or shelving scheme Damaged status Not for loan Home library Current library Shelving location Date acquired Cost, normal purchase price Total Checkouts Full call number Barcode Date last seen Copy number Cost, replacement price Price effective from Koha item type
    Dewey Decimal Classification     London London Folio 14/09/1999 4.95   F720.28 30020438 06/08/2019 1 4.95 06/08/2019 Book